Kezdődik a kulturális fesztivál
Elmentve itt :
| Dokumentumtípus: | Cikk |
|---|---|
| Megjelent: |
2000-10-02
|
| Sorozat: | Délmagyarország
90 No. 231 |
| Kulcsszavak: | Őszi Kulturális Fesztivál |
| Online Access: | http://dmarchiv.bibl.u-szeged.hu/81059 |
| LEADER | 00419nab a2200145 i 4500 | ||
|---|---|---|---|
| 001 | delm81059 | ||
| 005 | 20191025132746.0 | ||
| 008 | 191025s2000 hu o 0|| hun d | ||
| 040 | |a SZTE Délmagyarország Archívum |b hun | ||
| 041 | |a hun | ||
| 245 | 0 | 0 | |a Kezdődik a kulturális fesztivál |h [elektronikus dokumentum] |
| 260 | |c 2000-10-02 | ||
| 300 | |a 11 | ||
| 490 | 0 | |a Délmagyarország |v 90 No. 231 | |
| 695 | |a Őszi Kulturális Fesztivál | ||